| 000 | 00787nam a2200229Ii 4500 | ||
|---|---|---|---|
| 003 | JO-AjNU | ||
| 008 | 230605s9999||||xx |||||||||||||| ||und|| | ||
| 017 | _a2004/3/675 | ||
| 020 | _a9957-37-044-8 | ||
| 040 |
_aJO-AjNU _bara _erda _cJO-AjNU |
||
| 041 | _aara | ||
| 050 | 1 | 4 | _aBF713.2004 |
| 100 | 3 |
_aمحمد،جمانة/اعداد, _eauthor _917677 |
|
| 245 | 0 | 0 | _aمعالجة تأخر الكلام عند الاطفال |
| 250 | _aط1 | ||
| 264 | 3 | 1 | _aعمان:الرواد للطباعة والنشر والتوزيع،2004 |
| 300 | _a80ص | ||
| 336 |
_atext _btxt _2rdacontent |
||
| 337 |
_aunmediated _bn _2rdamedia |
||
| 338 |
_avolume _bnc _2rdacarrier |
||
| 650 | 4 |
_aالكلام-اضطرابات النطق-تعليم النطق-رعاية الطفولة-اطفال _917678 |
|
| 999 |
_aA5513 _c9081 _d9081 |
||